1841 1337 1575 1263 1707 1166 1154 1386 1278 1749 1846 1767 1956 1736 1448 1832 1354 1776 1299 1318 1419 1816 1309 1786 1254 1438 1811 1820 1331 1284 1184 1068 1285 1467 1884 1590 1269 1877 1607 1165 1197 1960 1808 1774 1334 1918 1174 1057 1831 1042 1310 1016 1037 1157 1555 1505 1926 1760 1243 1872 1593 1096 1775 1225 1678 1318 1901 1567 1226 1583 1046 1534 1553 1707 1828 1374 1366 1187 1625 1746 1681 1290 1398 1519 1581 1406 1190 1601 1233 1540 1886 1482 1385 1392 1081 1313 1202 1343 1461 BCNSPRNW ULIB Ver.6.0+V

เปลี่ยนเป็นภาษาไทย

Change to English
 แสดงรายละเอียดบรรณานุกรม
  กลับหน้าหลัก

Brief Record : Get Marc (ISO 2709) : E-mail record : QR code < ปิดหน้าต่าง
LEADER : 00000nam 2200000uu 4500
001    13399111775
003     ULIB
008    110627s2551||||th 000 0 tha d
020    9789741091379
090    นว.^bB111พ 2551
100 0  Baiboau
245 00 เพลิงแค้นซานตาน = Kiss from satan/^cBaiboau
250    พิมพ์ครั้งที่ 1
260    กรุงเทพฯ :^bปริ๊นเซส,^c2551
300    339 หน้า
945    ^p200^l0^i024468
995    ทศพร
999 ^a ใช้งานได้ทุกระบบ
รายการนี้ยังไม่มีแท็ก
คุณยังไม่ได้ล็อกอิน คุณสามารถมีกิจกรรมร่วมกับเว็บไซต์ได้ แต่ต้องล็อกอินก่อน ::
  ล็อกอิน

รายการสื่อสารสนเทศ

ลำดับที่ ประเภท เลขเรียก/บาร์โค้ด สถานที่ สถานะ
- ไม่พบข้อมูล -

รายการใกล้เคียง
    ผู้แต่ง [Baiboau]

BibComment


ยังไม่เคยถูกคอมเมนท์

คอมเมนท์ทรัพยากรรายการนี้
  คอมเมนท์: เพลิงแค้นซานตาน ..


 Copyright 2026. Bcnsprnw @Library